| 000 | 00737nam a2200217 a 4500 | ||
|---|---|---|---|
| 999 |
_c9036 _d9036 |
||
| 001 | 9036 | ||
| 003 | BD-JhCC | ||
| 005 | 20180307185015.0 | ||
| 008 | 180307s1975 |||| ||a| 000 0 ben d | ||
| 035 | _a(BD-JhCC)9036 | ||
| 040 |
_aBD-JhCC _dBD-JhCC |
||
| 041 | _aben | ||
| 082 |
_a320 _bCHO 1975 |
||
| 100 | _aচক্রবতী, শ্রীশিবনাথ। | ||
| 245 |
_aরাষ্ট্রতত্ত্ব / _cশ্রীশিবনাথ চক্রবতী । |
||
| 260 |
_aকলিকাতা : _bমডার্ণ বুক এজেন্সী প্রাইভেট লিমিটেড ; _c1975. |
||
| 300 |
_a492 p. : _c22 cm. |
||
| 651 | _aPolitical science. | ||
| 942 |
_2lcc _cBK |
||